Lý thuyết ngôn ngữ hình thức và Otomat

Giáo trình trình bày về văn phạm hình thức và các otomat là những công cụ sinh ngôn ngữ, đồng thời đề cập đến các tính chất của ngôn ngữ chính quy và ngôn ngữ phi ngữ cảnh.

Đã lưu trong:
Bibliografiske detaljer
Hovedforfatter: Đặng, Huy Ruận
Format: Bog
Sprog:Undetermined
Udgivet: Hà Nội Nxb. Đại học Quốc gia Hà Nội 2002
Fag:
Tags: Tilføj Tag
Ingen Tags, Vær først til at tagge denne postø!
Thư viện lưu trữ: Trung tâm Học liệu Trường Đại học Cần Thơ
LEADER 00865nam a2200193Ia 4500
001 CTU_54767
008 210402s9999 xx 000 0 und d
020 |c 20500 
082 |a 005.131 
082 |b R502 
100 |a Đặng, Huy Ruận 
245 0 |a Lý thuyết ngôn ngữ hình thức và Otomat 
245 0 |c Đặng Huy Ruận 
260 |a Hà Nội 
260 |b Nxb. Đại học Quốc gia Hà Nội 
260 |c 2002 
520 |a Giáo trình trình bày về văn phạm hình thức và các otomat là những công cụ sinh ngôn ngữ, đồng thời đề cập đến các tính chất của ngôn ngữ chính quy và ngôn ngữ phi ngữ cảnh. 
650 |a Formal languages,Ngôn ngữ hình thức 
980 |a Trung tâm Học liệu Trường Đại học Cần Thơ